000
00261nam a2200109Ia 4500
008
220204s9999 xx 000 0 und d
082
_a
032
_b
ISH
100
_a
Ishwar Dayal
245
0
_a
District administration
260
_a
Delhi
_b
Macmillan
_c
1976
942
_c
BK
999
_c
24843
_d
24843